| 000 | 02843nam a2200337Ia 4500 | ||
|---|---|---|---|
| 999 |
_c54996 _d54996 |
||
| 001 | 22067 | ||
| 003 | GE_BSU | ||
| 005 | 20220610115835.0 | ||
| 008 | 181216s2013||||ge |||||||||||||| ||geo|| | ||
| 020 | _a9789941437427 | ||
| 040 | _cGE_BSU | ||
| 041 | _ageo | ||
| 080 | _a1(38) პ-64 | ||
| 100 |
_aპორფირიოსი _914036 |
||
| 245 |
_aამოსავალი პრინციპები გონითი სინამდვილისთვის ("სენტენციები") = Sententiae ad intelligibilia ducentes / _cპორფირიოსი ; ბერძნ. ტექსტი ქართ. ენ. თარგმნა, შესავალი, განმარტებები და ინდექსი დაურთო ლელა ალექსიძემ ; რედ.: მაგდა მჭედლიძე, მიხეილ მირაშვილი ; [ივ. ჯავახიშვილის სახ. თსუ, კლას. ფილოლ., ბიზანტ. და ნეოგრეც. ინ-ტი]. |
||
| 264 |
_aთბილისი : _bლოგოსი, _c2013. |
||
| 300 |
_a181 გვ: _bილ.; _c19 სმ. |
||
| 500 | _aყდაზე: რომის ფორუმის ბარელიეფის დეტალი. ყდის უკანა მხარე: ბუ, გამოსახული ათენის ტეტრადრახმაზე ძვ.წ. V ს. | ||
| 501 | _aბერძნ.-ქართ. ინდექსი: გვ. 160-181. ბერძნ. ტექსტი, ქართ. თარგმანი, განმარტებები: გვ. 39-159. | ||
| 504 | _aბიბლიოგრაფია გვ. 26-32. | ||
| 520 | _aწიგნის ყდაზე გამოხატულია,რომის ფორუმის ბარელიეფის დეტალი. ყდის უკანა მხარე:ბუ,გამოსახული ათენის ტეტრადრახმაზე ძვ.წ.Vს. | ||
| 541 | _h5ლ.80თ. | ||
| 653 | _aძველი ბერძნული ფილოსოფია. | ||
| 653 | _a ნეოპლატონიზმი. | ||
| 653 | _aპლოტინი. | ||
| 700 |
_aალექსიძე, ლელა _eმთარგმნელი _912513 |
||
| 700 |
_aმჭედლიძე, მაგდა _eრედაქტორი _914037 |
||
| 700 |
_aმირაშვილი, მიხეილ _eრედაქტორი _914038 |
||
| 710 |
_aთსუ _bკლასიკური ფილოლოგიის, ბიზანტინისტიკისა და ნეოგრეცისტიკის ინ-ტი _914039 |
||
| 942 |
_cBK _2udc |
||